000 01485nam a22003737a 4500
001 00281
003 DO-SdBNP
005 20180312135557.0
007 00281
008 160427b dr 2004||||| |||| 00| 0 spa d
020 _a9789993486138 (v. 5)
020 _a9788480616681 (v. 5) Álbum
020 _a9788482616582 (v. 5) Cuaderno
040 _aBPMSU
_bspa
_cBPMSU
092 _a372.257
_bG934n 5to. 2004
100 1 _aGuerrero, Ángela
245 1 _aNaturaleza 5 :
_beducación básica /
_cÁngela Guerrero, Raquel Rodríguez ; dirección editorial Obdulia García de Escobar ; editora Claudia Llibre
300 _a3 v. :
_bil. retrs.
_c28 cm.
490 _aÁmbar
505 _tEnergía y movimiento --
_tEl planeta tierra --
_tLa historia del planeta --
_tLa edad del planeta --
_tLos fenómenos naturales --
_tLa trama de la vida --
_tLa vida en la biosfera --
_tTecnología en la vida.
650 _aCIENCIAS NATURALES
_xENSEÑANZA BÁSICA
650 4 _aCIENCIAS NATURALES
_xLIBROS DE TEXTOS
650 4 _aCIENCIAS NATURALES
_xESTUDIOS Y EJERCICIOS
650 4 _aCIENCIAS NATURALES
_xEDUCACIÓN PRIMARIA
650 4 _aEDUCACIÓN PRIMARIA
_zREPÚBLICA DOMINICANA
700 1 _aRodríguez, Raquel
700 1 _aGarcía de Escobar, Obdulia,
_eed.
700 1 _aLlibre, Claudia,
_eed.
830 0 _aÁmbar
910 _aValidado. Control de calidad MFF
942 _2ddc
_cBK
945 _aRemanejado para la BNPHU / 2018 VM
956 _aBTAVÁREZ
_b10
_c20160429
_d00281
999 _c9965
_d9965